[Event "Hastings Challengers 1995/96"]
[Site "Hastings"]
[Date "1995.12.30"]
[Round "3"]
[White "Mortensen, Erling"]
[Black "Plaskett, H James"]
[Result "1/2-1/2"]
[WhiteElo "2430"]
[BlackElo "2465"]
[PlyCount "164"]
[EventDate "1995.12.28"]
[EventType "swiss"]
[EventRounds "11"]
[EventCountry "ENG"]
[SourceTitle "BritBase"]
[Source "John Saunders"]
[SourceDate "2025.01.31"]
[SourceVersion "1"]
[SourceVersionDate "2025.01.31"]
[SourceQuality "1"]

1. e4 c5 2. Nf3 e6 3. d4 cxd4 4. Nxd4 Bc5 5. Nb3 Bb6 6. Nc3 Ne7 7. g3 O-O 8. Bg2 Nbc6 9. Qe2 d5 10. exd5 Nxd5 11. Nxd5 exd5 12. O-O Re8 13. Qd3 d4 14. Bf4 Qf6 15. Rfe1 Bf5 16. Qd2 h6 17. h4 Rac8 18. Rad1 Qg6 19. c3 Red8 20. Qe2 Bg4 21. Bf3 d3 22. Rxd3 Qxd3 23. Qxd3 Rxd3 24. Bxg4 Rcd8 25. Kf1 Kf8 26. h5 Re8 27. Ra1 Ne5 28. Be2 Rdd8 29. Nd4 Bxd4 30. cxd4 Rxd4 31. Be3 Re4 32. Bxa7 Ng4 33. Bd3 R4e5 34. b4 Rxh5 35. Kg2 Rd5 36. Bc5+ Kg8 37. Bb5 Rc8 38. a4 Rdxc5 39. bxc5 Rxc5 40. Be2 Ne5 41. Rb1 Rc2 42. Kf1 Ra2 43. Rxb7 Rxa4 44. Rb5 Nd7 45. Rb7 Rd4 46. Rc7 Kf8 47. Bb5 Ne5 48. Rc5 Nf3 49. Rc8+ Ke7 50. Rc7+ Kf6 51. Rc6+ Ke7 52. Rc7+ Ke6 53. Ke2 Ne5 54. f4 Nd7 55. Ke3 Rd6 56. Bc4+ Kf6 57. Ra7 g5 58. fxg5+ hxg5 59. Be2 Nc5 60. Bc4 Nd7 61. Rb7 Ne5 62. Bb3 Kg6 63. Rb5 Rd3+ 64. Kf2 Ng4+ 65. Kg2 Rd2+ 66. Kg1 f6 67. Rd5 Rb2 68. Rd3 Kf5 69. Bd5 Ne5 70. Rd4 g4 71. Rf4+ Kg5 72. Be4 Rb6 73. Rf5+ Kh6 74. Rf2 Nf7 75. Bf5 Kg5 76. Bd3 Nd6 77. Rd2 f5 78. Kf2 Rb3 79. Bc2 Rb6 80. Rd5 Kf6 81. Rc5 Rb4 82. Bd3 Rb2+ 1/2-1/2

[Event "Hastings Challengers 1995/96"]
[Site "Hastings"]
[Date "1995.12.30"]
[Round "3"]
[White "Parker, Jonathan F"]
[Black "O'Cinneide, Mel"]
[Result "1-0"]
[WhiteElo "2415"]
[BlackElo "2255"]
[PlyCount "45"]
[EventDate "1995.12.28"]
[EventType "swiss"]
[EventRounds "11"]
[EventCountry "ENG"]
[SourceTitle "BritBase"]
[Source "John Saunders"]
[SourceDate "2025.01.31"]
[SourceVersion "1"]
[SourceVersionDate "2025.01.31"]
[SourceQuality "1"]

1. d4 d5 2. c4 dxc4 3. e3 Nf6 4. Bxc4 e6 5. Nf3 c5 6. Qe2 a6 7. dxc5 Bxc5 8. e4 Ng4 9. O-O Qc7 10. e5 Nxf2 11. Nc3 Ne4+ 12. Kh1 Nf2+ 13. Rxf2 Bxf2 14. Ne4 Bc5 15. Bg5 Nd7 16. Rc1 Qb8 17. b4 Bxb4 18. Qb2 Bf8 19. Qb3 h6 20. Bxe6 hxg5 21. Nexg5 Be7 22. Bxf7+ Kf8 23. Bh5 1-0

[Event "Hastings Challengers 1995/96"]
[Site "Hastings"]
[Date "1995.12.30"]
[Round "3"]
[White "Paschall, William M"]
[Black "Gottschlich, Carsten"]
[Result "0-1"]
[WhiteElo "2330"]
[BlackElo "2170"]
[PlyCount "68"]
[EventDate "1995.12.28"]
[EventType "swiss"]
[EventRounds "11"]
[EventCountry "ENG"]
[SourceTitle "BritBase"]
[Source "John Saunders"]
[SourceDate "2025.01.31"]
[SourceVersion "1"]
[SourceVersionDate "2025.01.31"]
[SourceQuality "1"]

1. d4 Nf6 2. c4 e6 3. Nc3 Bb4 4. Qc2 c5 5. dxc5 Na6 6. a3 Bxc3+ 7. Qxc3 Nxc5 8. b4 Nce4 9. Qd4 d5 10. cxd5 Qxd5 11. Qxd5 Nxd5 12. Bb2 f6 13. e3 Bd7 14. Bd3 Nd6 15. Ne2 Rc8 16. e4 Nb6 17. Bd4 Bb5 18. Bxb5+ Nxb5 19. Bc5 Na4 20. Be3 Ke7 21. O-O Rc2 22. Nd4 Nxd4 23. Bxd4 Rd8 24. Be3 a6 25. b5 axb5 26. Rfb1 Nc3 27. Rb4 Rd7 28. g3 Kd6 29. Kg2 Kc6 30. Kf3 e5 31. Kg4 g6 32. Kf3 Rd3 33. Rb3 f5 34. exf5 gxf5 0-1

[Event "Hastings Challengers 1995/96"]
[Site "Hastings"]
[Date "1995.12.30"]
[Round "3"]
[White "Pilgaard, Kim"]
[Black "Richardson, Kevin Derek"]
[Result "1-0"]
[WhiteElo "2315"]
[BlackElo "2170"]
[PlyCount "71"]
[EventDate "1995.12.28"]
[EventType "swiss"]
[EventRounds "11"]
[EventCountry "ENG"]
[SourceTitle "BritBase"]
[Source "John Saunders"]
[SourceDate "2025.01.31"]
[SourceVersion "1"]
[SourceVersionDate "2025.01.31"]
[SourceQuality "1"]

1. e4 c5 2. Nf3 Nc6 3. d4 cxd4 4. Nxd4 g6 5. c4 Bg7 6. Be3 Nf6 7. Nc3 O-O 8. Be2 d6 9. O-O Bd7 10. f3 Nxd4 11. Bxd4 Bc6 12. Qd2 a5 13. Rad1 Nd7 14. Bxg7 Kxg7 15. f4 Nc5 16. Bf3 Qb8 17. Qe2 e5 18. fxe5 dxe5 19. Bg4 Qa7 20. Kh1 b6 21. Rd6 Qc7 22. Rdf6 Rad8 23. Nd5 Bxd5 24. exd5 e4 25. Qe3 Rd6 26. Qd4 Kg8 27. Kg1 Rxf6 28. Rxf6 Re8 29. d6 Qd8 30. d7 Re7 31. Rc6 Nxd7 32. c5 bxc5 33. Rxc5 Qe8 34. Rd5 Nf8 35. Rd8 Qc6 36. Rxf8+ 1-0

[Event "Hastings Challengers 1995/96"]
[Site "Hastings"]
[Date "1995.12.30"]
[Round "3"]
[White "Prange, Stefan"]
[Black "Lalic, Susan Kathryn"]
[Result "1/2-1/2"]
[WhiteElo "2055"]
[BlackElo "2315"]
[PlyCount "58"]
[EventDate "1995.12.28"]
[EventType "swiss"]
[EventRounds "11"]
[EventCountry "ENG"]
[SourceTitle "BritBase"]
[Source "John Saunders"]
[SourceDate "2025.01.31"]
[SourceVersion "1"]
[SourceVersionDate "2025.01.31"]
[SourceQuality "1"]

1. d4 Nf6 2. Nf3 e6 3. c4 Bb4+ 4. Nbd2 b6 5. g3 Bb7 6. Bg2 O-O 7. O-O Bxd2 8. Qxd2 d6 9. b3 Nbd7 10. Bb2 Be4 11. Rac1 a5 12. a3 Qe7 13. Rfd1 Rfb8 14. Ne5 Bxg2 15. Kxg2 Nxe5 16. dxe5 Ne8 17. exd6 cxd6 18. a4 Rd8 19. Qe3 Qb7+ 20. Qf3 Qxf3+ 21. Kxf3 Kf8 22. Rd3 Ke7 23. Rcd1 f5 24. Ba3 Rd7 25. h3 Rad8 26. g4 g6 27. gxf5 gxf5 28. Rg1 Kf7 29. Rdd1 Ke7 1/2-1/2

[Event "Hastings Challengers 1995/96"]
[Site "Hastings"]
[Date "1995.12.30"]
[Round "3"]
[White "Rausis, Igors"]
[Black "Bronstein, David I"]
[Result "1/2-1/2"]
[WhiteElo "2320"]
[BlackElo "2445"]
[PlyCount "34"]
[EventDate "1995.12.28"]
[EventType "swiss"]
[EventRounds "11"]
[EventCountry "ENG"]
[SourceTitle "BritBase"]
[Source "John Saunders"]
[SourceDate "2025.01.31"]
[SourceVersion "1"]
[SourceVersionDate "2025.01.31"]
[SourceQuality "1"]

1. e4 d5 2. exd5 Qxd5 3. d4 e5 4. Nf3 exd4 5. Qxd4 Nf6 6. Nc3 Qxd4 7. Nxd4 Bc5 8. Nb3 Be7 9. Nb5 Na6 10. Bf4 Nd5 11. Bg3 Bg4 12. h3 Bh5 13. N5d4 Nab4 14. a3 O-O-O 15. Be2 Bxe2 16. Kxe2 Nc6 17. Nxc6 bxc6 1/2-1/2

[Event "Hastings Challengers 1995/96"]
[Site "Hastings"]
[Date "1995.12.30"]
[Round "3"]
[White "Schmedders, Hans Gerd"]
[Black "Grinsell, Lee A"]
[Result "1-0"]
[WhiteElo "2310"]
[BlackElo "2130"]
[PlyCount "85"]
[EventDate "1995.12.28"]
[EventType "swiss"]
[EventRounds "11"]
[EventCountry "ENG"]
[SourceTitle "BritBase"]
[Source "John Saunders"]
[SourceDate "2025.01.31"]
[SourceVersion "1"]
[SourceVersionDate "2025.01.31"]
[SourceQuality "1"]

1. e4 c5 2. Nf3 e6 3. c3 Nf6 4. e5 Nd5 5. d4 cxd4 6. cxd4 Nc6 7. Nc3 Nxc3 8. bxc3 d5 9. Bd3 Be7 10. h4 h6 11. h5 Bd7 12. Rh3 Qc7 13. Bd2 Na5 14. Rg3 Bf8 15. a4 Nc4 16. Bc1 O-O-O 17. Nd2 Kb8 18. Nxc4 dxc4 19. Be4 f5 20. exf6 gxf6 21. Qf3 Bd6 22. Rb1 Bc8 23. a5 a6 24. Rg6 f5 25. Bc2 e5 26. dxe5 Rhe8 27. Kf1 Bxe5 28. Rxa6 Re6 29. Rab6 Rdd6 30. Be3 f4 31. Rxd6 Rxd6 32. Bb6 Qf7 33. Be4 Qf6 34. Bc5 Rd7 35. Qe2 Bxc3 36. Qxc4 Bd4 37. Qb4 Bxc5 38. Qxc5 Rc7 39. Qd5 Qc3 40. a6 Qg7 41. axb7 Rxb7 42. Rxb7+ Bxb7 43. Qxb7+ 1-0

[Event "Hastings Challengers 1995/96"]
[Site "Hastings"]
[Date "1995.12.30"]
[Round "3"]
[White "Schroeder, Wilfried"]
[Black "Houska, Miroslav"]
[Result "1/2-1/2"]
[WhiteElo "2245"]
[BlackElo "2275"]
[PlyCount "42"]
[EventDate "1995.12.28"]
[EventType "swiss"]
[EventRounds "11"]
[EventCountry "ENG"]
[SourceTitle "BritBase"]
[Source "John Saunders"]
[SourceDate "2025.01.31"]
[SourceVersion "1"]
[SourceVersionDate "2025.01.31"]
[SourceQuality "1"]

1. d4 d6 2. Nf3 f5 3. b3 g6 4. Bb2 Bg7 5. Nbd2 Nf6 6. g3 O-O 7. Bg2 Qe8 8. O-O c6 9. Qe1 Na6 10. a3 Nc7 11. e4 f4 12. e5 dxe5 13. Nxe5 Kh8 14. Ndf3 Ng4 15. Qe2 Nxe5 16. Nxe5 Ne6 17. c4 Ng5 18. d5 Bh3 19. Bxh3 Nxh3+ 20. Kg2 Ng5 21. Nf3 Nxf3 1/2-1/2

[Event "Hastings Challengers 1995/96"]
[Site "Hastings"]
[Date "1995.12.30"]
[Round "3"]
[White "Suetin, Alexey S"]
[Black "Radovanovic, Jovica"]
[Result "1/2-1/2"]
[WhiteElo "2445"]
[BlackElo "2280"]
[PlyCount "39"]
[EventDate "1995.12.28"]
[EventType "swiss"]
[EventRounds "11"]
[EventCountry "ENG"]
[SourceTitle "BritBase"]
[Source "John Saunders"]
[SourceDate "2025.01.31"]
[SourceVersion "1"]
[SourceVersionDate "2025.01.31"]
[SourceQuality "1"]

1. e4 c5 2. Ne2 Nc6 3. d4 cxd4 4. Nxd4 Nf6 5. Nc3 d6 6. Bc4 e6 7. Be3 Be7 8. Bb3 a6 9. f4 O-O 10. O-O Nxd4 11. Bxd4 b5 12. e5 dxe5 13. fxe5 Nd7 14. Ne4 h6 15. Nd6 Bxd6 16. exd6 Qg5 17. Qe2 Qg6 18. Rac1 e5 19. Be3 Kh8 20. Qf2 1/2-1/2

[Event "Hastings Challengers 1995/96"]
[Site "Hastings"]
[Date "1995.12.30"]
[Round "3"]
[White "Tagnon, Nicole"]
[Black "Rause, Olita"]
[Result "1/2-1/2"]
[WhiteElo "2105"]
[BlackElo "2320"]
[PlyCount "48"]
[EventDate "1995.12.28"]
[EventType "swiss"]
[EventRounds "11"]
[EventCountry "ENG"]
[SourceTitle "BritBase"]
[Source "John Saunders"]
[SourceDate "2025.01.31"]
[SourceVersion "1"]
[SourceVersionDate "2025.01.31"]
[SourceQuality "1"]

1. e4 g6 2. d4 Bg7 3. Nc3 c6 4. h4 d5 5. e5 h5 6. Bd3 Nh6 7. f3 Bf5 8. Nce2 c5 9. c3 Nc6 10. Ng3 Bxd3 11. Qxd3 cxd4 12. cxd4 Qb6 13. N1e2 Nb4 14. Qc3 O-O 15. a3 Nc6 16. Bf4 f6 17. Qd3 fxe5 18. Bxh6 Bxh6 19. Qxg6+ Bg7 20. Nxh5 Rf7 21. Nxg7 Rxg7 22. Qe6+ Kh7 23. Qf5+ Kg8 24. Qe6+ Kh7 1/2-1/2

[Event "Hastings Challengers 1995/96"]
[Site "Hastings"]
[Date "1995.12.30"]
[Round "3"]
[White "Trifunovic, Aleksandar"]
[Black "Moss, Robin BW"]
[Result "0-1"]
[WhiteElo "2230"]
[BlackElo "2265"]
[PlyCount "80"]
[EventDate "1995.12.28"]
[EventType "swiss"]
[EventRounds "11"]
[EventCountry "ENG"]
[SourceTitle "BritBase"]
[Source "John Saunders"]
[SourceDate "2025.01.31"]
[SourceVersion "1"]
[SourceVersionDate "2025.01.31"]
[SourceQuality "1"]

1. d4 Nf6 2. Nf3 g6 3. g3 Bg7 4. Bg2 O-O 5. c4 d6 6. Nc3 Nc6 7. d5 Na5 8. Nd2 c5 9. O-O a6 10. Qc2 Rb8 11. b3 b5 12. Rb1 h5 13. Bb2 h4 14. Nd1 bxc4 15. bxc4 h3 16. Bh1 Bd7 17. Ne3 Qc7 18. Bc3 Ng4 19. Nxg4 Bxg4 20. Bxg7 Kxg7 21. Qc3+ Kg8 22. Bf3 Bd7 23. e4 e5 24. Be2 Rb4 25. a3 Rbb8 26. f4 exf4 27. Rxb8 Rxb8 28. Rxf4 Qd8 29. e5 dxe5 30. Qxe5 Bf5 31. Kf2 Nb3 32. Nxb3 Rxb3 33. g4 f6 34. Qa1 Qd6 35. Qc1 Rc3 36. Qd2 Bb1 37. Kg1 Rc2 38. Qe3 Rxe2 39. Qxe2 Qxf4 40. Qe6+ Kg7 0-1

[Event "Hastings Challengers 1995/96"]
[Site "Hastings"]
[Date "1995.12.30"]
[Round "3"]
[White "Trzaska, Peter"]
[Black "Larsen, Steen Skovlund"]
[Result "1-0"]
[WhiteElo "2200"]
[BlackElo "2340"]
[PlyCount "51"]
[EventDate "1995.12.28"]
[EventType "swiss"]
[EventRounds "11"]
[EventCountry "ENG"]
[SourceTitle "BritBase"]
[Source "John Saunders"]
[SourceDate "2025.01.31"]
[SourceVersion "1"]
[SourceVersionDate "2025.01.31"]
[SourceQuality "1"]

1. e4 c5 2. c3 g6 3. d4 cxd4 4. cxd4 d5 5. exd5 Nf6 6. Bb5+ Nbd7 7. Nc3 Bg7 8. Nf3 O-O 9. Bxd7 Bxd7 10. Qb3 b5 11. O-O Qb6 12. Ne5 Rad8 13. d6 exd6 14. Nxd7 Nxd7 15. Bg5 Rb8 16. Nd5 Qa6 17. Qb4 Nb6 18. Qxd6 Qa4 19. Nc7 Kh8 20. Bf6 Nc4 21. Qf4 Qa6 22. Bxg7+ Kxg7 23. b3 Qd6 24. Qg5 Qf6 25. Qxf6+ Kxf6 26. Nd5+ 1-0

[Event "Hastings Challengers 1995/96"]
[Site "Hastings"]
[Date "1995.12.30"]
[Round "3"]
[White "Wilson, Jonathan G"]
[Black "Lyell, Mark"]
[Result "0-1"]
[WhiteElo "2245"]
[BlackElo "2265"]
[PlyCount "46"]
[EventDate "1995.12.28"]
[EventType "swiss"]
[EventRounds "11"]
[EventCountry "ENG"]
[SourceTitle "BritBase"]
[Source "John Saunders"]
[SourceDate "2025.01.31"]
[SourceVersion "1"]
[SourceVersionDate "2025.01.31"]
[SourceQuality "1"]

1. d4 f5 2. g3 g6 3. Bg2 Bg7 4. Nf3 Nf6 5. O-O O-O 6. b3 d6 7. Bb2 Qe8 8. Nbd2 Nc6 9. c4 e5 10. dxe5 dxe5 11. e4 f4 12. gxf4 Nh5 13. fxe5 Bg4 14. h3 Bxf3 15. Nxf3 Nf4 16. Ba3 Rd8 17. Qc2 Nxh3+ 18. Kh2 Bxe5+ 19. Nxe5 Qxe5+ 20. Kxh3 Rf4 21. Rh1 Qh5+ 22. Kg3 Rg4+ 23. Kf3 Nd4+ 0-1

[Event "Hastings Challengers 1995/96"]
[Site "Hastings"]
[Date "1995.12.30"]
[Round "3"]
[White "Hon, Andrew HL"]
[Black "Franklin, Michael J"]
[Result "0-1"]
[WhiteElo "2225"]
[BlackElo "2260"]
[PlyCount "86"]
[EventDate "1995.12.28"]
[EventType "swiss"]
[EventRounds "11"]
[EventCountry "ENG"]
[SourceTitle "BritBase"]
[Source "John Saunders"]
[SourceDate "2025.01.31"]
[SourceVersion "1"]
[SourceVersionDate "2025.01.31"]
[SourceQuality "1"]

1. e4 c5 2. Nf3 a6 3. d3 d6 4. g3 g6 5. Bg2 Bg7 6. O-O Nc6 7. Nbd2 e5 8. c3 Nge7 9. Re1 O-O 10. Nc4 h6 11. Ne3 f5 12. exf5 gxf5 13. Nh4 Be6 14. f4 Qd7 15. Nc2 Rae8 16. Be3 b6 17. Qe2 a5 18. Kh1 Bf7 19. Qd2 Nd5 20. Ng6 Bxg6 21. Bxd5+ Kh7 22. Qg2 Ne7 23. Bf3 Rd8 24. Rab1 Ng8 25. Bd2 Nf6 26. fxe5 dxe5 27. Rxe5 Qxd3 28. Bf4 Ne4 29. Re7 Rfe8 30. Rxe8 Rxe8 31. Rd1 Qc4 32. a3 Qe6 33. Ne3 b5 34. Qc2 b4 35. axb4 axb4 36. cxb4 cxb4 37. b3 Rc8 38. Nc4 Nc3 39. Rc1 Rd8 40. Bc7 f4 41. Qf2 Rd3 42. Bg2 f3 43. Bf1 Ne2 0-1

[Event "Hastings Challengers 1995/96"]
[Site "Hastings"]
[Date "1995.12.30"]
[Round "3"]
[White "McShane, Luke J"]
[Black "McNab, Colin Anderson"]
[Result "1-0"]
[WhiteElo "2170"]
[BlackElo "2440"]
[PlyCount "95"]
[EventDate "1995.12.28"]
[EventType "swiss"]
[EventRounds "11"]
[EventCountry "ENG"]
[SourceTitle "BritBase"]
[Source "John Saunders"]
[SourceDate "2025.01.31"]
[SourceVersion "1"]
[SourceVersionDate "2025.01.31"]
[SourceQuality "1"]

1. e4 g6 2. d4 d6 3. Nc3 c6 4. Be3 Nf6 5. Qd2 Nbd7 6. Nf3 Qc7 7. h3 Bg7 8. a4 O-O 9. Bc4 Nxe4 10. Bxf7+ Rxf7 11. Nxe4 Nf6 12. Nfg5 Rf8 13. O-O h6 14. Nxf6+ exf6 15. Ne4 f5 16. Nc3 Kh7 17. d5 c5 18. Nb5 Qd8 19. Bf4 Rf6 20. h4 a6 21. Na3 Rb8 22. a5 Bd7 23. Rfe1 Bf8 24. Nc4 Be8 25. Ra3 Rf7 26. Rae3 Bb5 27. Nb6 Bd7 28. c4 Qf6 29. b4 cxb4 30. Rh3 Re8 31. Rxe8 Bxe8 32. Qxb4 Re7 33. Qc3 Qxc3 34. Rxc3 Re1+ 35. Kh2 Ra1 36. Re3 Bf7 37. Nd7 Bg7 38. Bxd6 Rxa5 39. Re7 Kg8 40. Be5 b5 41. d6 bxc4 42. Bxg7 Kxg7 43. Ne5 Kf6 44. Nxf7 c3 45. Nxh6 f4 46. Ng4+ Kf5 47. d7 Rd5 48. Re5+ {(McShane's first win against a GM, a few days before his 12th birthday)} 1-0

[Event "Hastings Challengers 1995/96"]
[Site "Hastings"]
[Date "1995.12.30"]
[Round "3"]
[White "Smith, Alan A"]
[Black "De Coverly, Roger D"]
[Result "1/2-1/2"]
[WhiteElo "2255"]
[BlackElo "2105"]
[PlyCount "67"]
[EventDate "1995.12.28"]
[EventType "swiss"]
[EventRounds "11"]
[EventCountry "ENG"]
[SourceTitle "BritBase"]
[Source "John Saunders"]
[SourceDate "2025.01.31"]
[SourceVersion "1"]
[SourceVersionDate "2025.01.31"]
[SourceQuality "1"]

1. Nc3 e5 2. Nf3 Nc6 3. e4 Be7 4. Bb5 d6 5. d4 exd4 6. Nxd4 Bd7 7. O-O Nf6 8. Bxc6 bxc6 9. b3 O-O 10. Bb2 Rb8 11. Qd3 Re8 12. Rae1 Bf8 13. f4 c5 14. Nf3 Bc6 15. Nd5 Nxd5 16. exd5 c4 17. Qd4 Bd7 18. Rxe8 Bxe8 19. Re1 cxb3 20. axb3 a5 21. Ra1 Rb4 22. Qd2 c5 23. Bc3 Rb8 24. Rxa5 Qc8 25. Qd3 Bd7 26. Ra1 Bf5 27. Qd2 Bg4 28. Rf1 Qa6 29. h3 Bd7 30. Re1 h6 31. Re4 Bf5 32. Ra4 Qb5 33. g4 Bc8 34. Kf2 {Source: Roger de Coverly, 11 August 2024} 1/2-1/2

[Event "Hastings Challengers 1995/96"]
[Site "Hastings"]
[Date "1995.12.30"]
[Round "3"]
[White "Dodgson, John A"]
[Black "McCamon, Boyd T"]
[Result "1/2-1/2"]
[WhiteElo "2240"]
[BlackElo "2305"]
[PlyCount "81"]
[EventDate "1995.12.28"]
[EventType "swiss"]
[EventRounds "11"]
[EventCountry "ENG"]
[SourceTitle "Denman Collection"]
[Source "Brian Denman"]
[SourceDate "2023.11.29"]
[SourceVersion "1"]
[SourceVersionDate "2023.11.29"]
[SourceQuality "1"]

1. Nf3 g6 2. g3 Bg7 3. Bg2 f5 4. d4 Nf6 5. O-O O-O 6. c4 d6 7. Nc3 Qe8 8. b3 Na6 9. Bb2 c6 10. Re1 Ne4 11. Nxe4 fxe4 12. Nd2 d5 13. cxd5 cxd5 14. f3 exf3 15. Bxf3 Qf7 16. Bg2 Bf5 17. a3 Rad8 18. Rc1 Qe6 19. e4 dxe4 20. Nxe4 Qd7 21. Nc5 Nxc5 22. Rxc5 Bg4 23. Qd3 e6 24. Qc4 Bxd4+ 25. Bxd4 Qxd4+ 26. Qxd4 Rxd4 27. Bxb7 Rd1 28. Rxd1 Bxd1 29. b4 Bg4 30. Rc8 Rxc8 31. Bxc8 Kf8 32. Kf2 Ke7 33. Ke3 Bf5 34. Bb7 e5 35. Bd5 Kd6 36. Bg8 g5 37. Bc4 h6 38. h4 Bd7 39. hxg5 hxg5 40. Ke4 Bg4 41. Bb3 {Source: probably J A Dodgson (Brian Denman Collection)} 1/2-1/2

[Event "Hastings Challengers 1995/96"]
[Site "Hastings"]
[Date "1995.12.30"]
[Round "3"]
[White "Almond, Richard JA"]
[Black "Knox, David A"]
[Result "0-1"]
[WhiteElo "2070"]
[BlackElo "2235"]
[PlyCount "62"]
[EventDate "1995.12.28"]
[EventType "swiss"]
[EventRounds "11"]
[EventCountry "ENG"]
[SourceTitle "Denman Collection"]
[Source "Brian Denman"]
[SourceDate "2023.11.29"]
[SourceVersion "1"]
[SourceVersionDate "2023.11.29"]
[SourceQuality "1"]

1. d4 Nf6 2. c4 g6 3. Nc3 d5 4. Nf3 Bg7 5. Qb3 dxc4 6. Qxc4 O-O 7. e4 a6 8. Be2 b5 9. Qb3 Bb7 10. e5 Nd5 11. a4 c5 12. dxc5 Nd7 13. Nxd5 Nxc5 14. Qe3 Qxd5 15. axb5 Nb3 16. Ra3 Nxc1 17. Qxc1 axb5 18. Qe3 b4 19. Rxa8 Rxa8 20. O-O e6 21. Rd1 Qe4 22. Qxe4 Bxe4 23. h4 Bd5 24. Rc1 b3 25. Rc3 Ra2 26. Rc8+ Bf8 27. Nd4 Rxb2 28. Bf3 Bxf3 29. gxf3 Rb1+ 30. Kg2 b2 31. Rb8 Rd1 {Source: C P Ravilious (Brian Denman Collection)} 0-1

[Event "Hastings Challengers 1995/96"]
[Site "Hastings"]
[Date "1995.12.31"]
[Round "4"]
[White "Avni, Amatzia"]
[Black "Arkell, Keith C"]
[Result "0-1"]
[WhiteElo "2360"]
[BlackElo "2505"]
[PlyCount "100"]
[EventDate "1995.12.28"]
[EventType "swiss"]
[EventRounds "11"]
[EventCountry "ENG"]
[SourceTitle "BritBase"]
[Source "John Saunders"]
[SourceDate "2025.01.31"]
[SourceVersion "1"]
[SourceVersionDate "2025.01.31"]
[SourceQuality "1"]

1. d4 Nf6 2. Nf3 e6 3. e3 c5 4. Bd3 cxd4 5. exd4 d6 6. O-O g6 7. Bf4 Bg7 8. c3 O-O 9. h3 b6 10. Na3 Bb7 11. Nc4 Ne8 12. a4 Qc7 13. Bh2 Nd7 14. Qe2 a6 15. Nfd2 b5 16. axb5 axb5 17. Rxa8 Bxa8 18. Na3 b4 19. Nb5 Qc6 20. Bc4 d5 21. Bd3 bxc3 22. bxc3 Nb6 23. Ra1 Nc4 24. Bxc4 dxc4 25. f3 Qxb5 26. Rxa8 Qb2 27. Qe3 Nf6 28. Rxf8+ Bxf8 29. Nxc4 Qa1+ 30. Kf2 Nd5 31. Qd2 Nxc3 32. Bd6 Bg7 33. Be5 Nd5 34. Bxg7 Kxg7 35. Ne3 Qc3 36. Qxc3 Nxc3 37. f4 Kf6 38. Kf3 Ke7 39. g4 f5 40. Nc4 Nd5 41. Ne5 Nf6 42. Nc4 Kd7 43. Ne5+ Kd6 44. Nf7+ Kd5 45. Ng5 Kd6 46. Nf7+ Kc6 47. Kg3 Kd5 48. Kh4 Ne4 49. Nd8 g5+ 50. fxg5 f4 0-1

[Event "Hastings Challengers 1995/96"]
[Site "Hastings"]
[Date "1995.12.31"]
[Round "4"]
[White "Barton, R Alan"]
[Black "Ferguson, Mark"]
[Result "0-1"]
[WhiteElo "2245"]
[BlackElo "2360"]
[PlyCount "92"]
[EventDate "1995.12.28"]
[EventType "swiss"]
[EventRounds "11"]
[EventCountry "ENG"]
[SourceTitle "BritBase"]
[Source "John Saunders"]
[SourceDate "2025.01.31"]
[SourceVersion "1"]
[SourceVersionDate "2025.01.31"]
[SourceQuality "1"]

1. Nf3 Nf6 2. c4 c6 3. g3 d5 4. b3 Bf5 5. Bg2 e6 6. O-O h6 7. Bb2 Be7 8. d3 O-O 9. Nbd2 a5 10. a3 Nbd7 11. Rc1 Qb6 12. Qc2 Bh7 13. Qb1 Rfc8 14. Qa1 Qd8 15. Ne5 Nxe5 16. Bxe5 b5 17. cxd5 cxd5 18. Nf3 Qf8 19. Bb2 Nd7 20. Rxc8 Rxc8 21. Rc1 Nc5 22. Qa2 b4 23. a4 Qd8 24. h3 Nd7 25. Qb1 Bf6 26. Bxf6 Nxf6 27. Ne5 Rc3 28. Rxc3 bxc3 29. Qc2 Qc7 30. f4 Nh5 31. Kf2 f6 32. Ng4 d4 33. Bf3 Bg6 34. e4 Be8 35. e5 f5 36. Nh2 g5 37. Bxh5 Bxh5 38. Nf3 Bxf3 39. Kxf3 Qc6+ 40. Kf2 Qh1 41. Qe2 g4 42. hxg4 c2 43. gxf5 Qh2+ 44. Kf3 Qxe2+ 45. Kxe2 c1=Q 46. fxe6 Qe3+ 0-1

[Event "Hastings Challengers 1995/96"]
[Site "Hastings"]
[Date "1995.12.31"]
[Round "4"]
[White "Cherniaev, Alexander"]
[Black "Mortensen, Erling"]
[Result "1/2-1/2"]
[WhiteElo "2450"]
[BlackElo "2430"]
[PlyCount "45"]
[EventDate "1995.12.28"]
[EventType "swiss"]
[EventRounds "11"]
[EventCountry "ENG"]
[SourceTitle "BritBase"]
[Source "John Saunders"]
[SourceDate "2025.01.31"]
[SourceVersion "1"]
[SourceVersionDate "2025.01.31"]
[SourceQuality "1"]

1. e4 c5 2. c3 d6 3. d4 Nf6 4. dxc5 Nc6 5. Qc2 d5 6. Nd2 e5 7. b4 a5 8. Bb5 axb4 9. cxb4 Bd7 10. Bxc6 Bxc6 11. Ngf3 dxe4 12. Nxe5 Qd4 13. Bb2 Qxb4 14. Nxc6 bxc6 15. Bxf6 gxf6 16. O-O f5 17. Rab1 Qxc5 18. Qb2 Rg8 19. Nb3 Qe7 20. Nd4 Qd7 21. Rfd1 Bg7 22. Qb6 Rd8 23. Qxd8+ 1/2-1/2

[Event "Hastings Challengers 1995/96"]
[Site "Hastings"]
[Date "1995.12.31"]
[Round "4"]
[White "Cooper, Lawrence"]
[Black "Rausis, Igors"]
[Result "0-1"]
[WhiteElo "2315"]
[BlackElo "2515"]
[PlyCount "112"]
[EventDate "1995.12.28"]
[EventType "swiss"]
[EventRounds "11"]
[EventCountry "ENG"]
[SourceTitle "BritBase"]
[Source "John Saunders"]
[SourceDate "2025.01.31"]
[SourceVersion "1"]
[SourceVersionDate "2025.01.31"]
[SourceQuality "1"]

1. e4 e5 2. Nf3 Nc6 3. Bb5 a6 4. Ba4 Nf6 5. O-O b5 6. Bb3 Bb7 7. d3 Be7 8. Re1 O-O 9. c3 d6 10. Nbd2 Nd7 11. Nf1 Bf6 12. Ne3 Ne7 13. Ng4 Ng6 14. Nxf6+ Nxf6 15. a4 h6 16. h3 Kh8 17. Nh2 Bc6 18. Ng4 Nxg4 19. Qxg4 Bd7 20. Qg3 Qf6 21. axb5 axb5 22. Be3 Be6 23. Bc2 c5 24. Red1 b4 25. Rdc1 Nf4 26. Kf1 b3 27. Rxa8 Rxa8 28. Bb1 Nh5 29. Qh2 Ra1 30. Ke1 g5 31. Kd2 Kg7 32. Rf1 Qg6 33. g3 d5 34. exd5 c4 35. dxe6 Rxb1 36. Rxb1 Qxd3+ 37. Ke1 Qxb1+ 38. Ke2 Qd3+ 39. Kf3 fxe6 40. Qg1 Qd5+ 41. Ke2 Qd3+ 42. Kf3 Nf4 43. gxf4 exf4 44. Qa1 Qd5+ 45. Ke2 fxe3 46. Qa7+ Kf6 47. fxe3 Qg2+ 48. Ke1 Qg1+ 49. Ke2 Qg2+ 50. Ke1 Qxh3 51. Qd4+ Kg6 52. Qxc4 Qxe3+ 53. Kd1 Qf3+ 54. Ke1 Qg3+ 55. Kd1 Qd6+ 56. Ke2 Qe5+ 0-1